opac header logoIBA Library

Business sthies faching up to the issues/ (Record no. 553)

MARC details
000 -LEADER
fixed length control field 00344nam a22001337a 4500
003 - CONTROL NUMBER IDENTIFIER
control field BD-DhUIB
005 - DATE AND TIME OF LATEST TRANSACTION
control field 20251013201913.0
008 - FIXED-LENGTH DATA ELEMENTS--GENERAL INFORMATION
fixed length control field 251013b |||||||| |||| 00| 0 eng d
040 ## - CATALOGING SOURCE
Original cataloging agency BD-DhUIB
Transcribing agency BD-DhUIB
100 ## - MAIN ENTRY--PERSONAL NAME
Personal name Moon, Chris.
9 (RLIN) 1009
245 ## - TITLE STATEMENT
Title Business sthies faching up to the issues/
Statement of responsibility, etc. by Chris, Moon.
526 ## - STUDY PROGRAM INFORMATION NOTE
Program name BBA
942 ## - ADDED ENTRY ELEMENTS (KOHA)
Source of classification or shelving scheme Dewey Decimal Classification
Koha item type Books
Holdings
Withdrawn status Lost status Source of classification or shelving scheme Damaged status Not for loan Collection code Home library Current library Shelving location Date acquired Source of acquisition Total Checkouts Full call number Barcode Date due Date last seen Date last checked out Copy number Price effective from Koha item type
    Dewey Decimal Classification     Non-fiction IBA Library IBA Library General Stacks 08/13/2012 Purchase 1 174.4 M778b 00048645 10/27/2025 10/13/2025 10/13/2025 01 10/13/2025 Books
Copyright © 2021-2026 | IBA Library
Institute of Business Administration (IBA)
University of Dhaka
Library Home | IBA Home